1715 1245 1158 1271 1031 1070 1633 1940 1427 1016 1991 1912 1076 1332 1317 1162 1866 1644 1953 1943 1079 1456 1714 1265 1930 1898 1627 1156 1883 1973 1415 1231 1542 1304 1790 1479 1259 1582 1331 1114 1127 1180 1821 1458 1826 1903 1565 1522 1007 1603 1072 1667 1016 1305 1095 1608 1432 1978 1124 1956 1867 1191 1992 1540 1539 1797 1223 1944 1712 1588 1668 1030 1984 1352 1443 1058 1166 1742 1963 1156 1423 1113 1417 1888 1305 1937 1670 1072 1974 1762 1732 1728 1070 1055 1751 1535 1165 1821 1705 BCNSPRNW ULIB Ver.6.0+V

เปลี่ยนเป็นภาษาไทย

Change to English
 แสดงรายละเอียดบรรณานุกรม
  กลับหน้าหลัก

Brief Record : Get Marc (ISO 2709) : E-mail record : QR code < ปิดหน้าต่าง
LEADER : 00000nam 2200000uu 4500
001    13399113423
003     ULIB
008    110627s2550||||th 000 0 tha d
020    9789748102405
090    นว.^bต344อ 2550
100 0  ตารกา
245 00 อธิฐานรักไพ่ร้อยมนตร์/^cตารกา
250    พิมพ์ครั้งที่ 2
260    กรุงเทพฯ :^bแจ่มใส,^c2550
300    219 หน้า
710 1  แจ่มใส
945    ^p149^l0^i022024
995    ทศพร
999 ^a ใช้งานได้ทุกระบบ
รายการนี้ยังไม่มีแท็ก
คุณยังไม่ได้ล็อกอิน คุณสามารถมีกิจกรรมร่วมกับเว็บไซต์ได้ แต่ต้องล็อกอินก่อน ::
  ล็อกอิน

รายการสื่อสารสนเทศ

ลำดับที่ ประเภท เลขเรียก/บาร์โค้ด สถานที่ สถานะ
1. นวนิยาย
นวนิยาย
นว. ต344อ 2550 ฉ.1 
  Barcode: 022024
ห้องสมุดวิทยาเขตสวรรค์ประชารักษ์
►นวนิยาย
บนชั้น
  ขอยืม

BibComment


ยังไม่เคยถูกคอมเมนท์

คอมเมนท์ทรัพยากรรายการนี้
  คอมเมนท์: อธิฐานรักไพ่ร้อยม..


 Copyright 2026. Bcnsprnw @Library